000 00374pab a2200145 454500
008 180718b1998 xxu||||| |||| 00| 0 eng d
100 _aAlagh, Yoginder K.
245 _aTechnological change in Indian industry
260 _c1998
300 _ap.181-84
362 _a24 Jan
650 _aIndustrial development
773 _aEconomic and Political Weekly
909 _a36401
999 _c36401
_d36401